Fundamentals of nursing/ (Record no. 120162)

MARC details
000 -LEADER
fixed length control field 01134nam a2200337 a 4500
003 - CONTROL NUMBER IDENTIFIER
control field OSt
005 - DATE AND TIME OF LATEST TRANSACTION
control field 20240910144543.0
008 - FIXED-LENGTH DATA ELEMENTS--GENERAL INFORMATION
fixed length control field
020 ## - INTERNATIONAL STANDARD BOOK NUMBER
International Standard Book Number 9780323327404 (hardback)
040 ## - CATALOGING SOURCE
Original cataloging agency NUST
Transcribing agency NUST
Language of cataloging eng
Modifying agency NUST
Description conventions rda
050 ## - LIBRARY OF CONGRESS CALL NUMBER
Classification number RT41 FUN
245 10 - TITLE STATEMENT
Title Fundamentals of nursing/
Statement of responsibility, etc. edited by Patricia A Potter ; Anne Griffin Perry ; Patricia A Stockert and Amy M Hall.
250 ## - EDITION STATEMENT
Edition statement Ninth edition.
260 ## - PUBLICATION, DISTRIBUTION, ETC.
Place of publication, distribution, etc. St Louis, Missouri :
Name of publisher, distributor, etc. Elsevier ,
Date of publication, distribution, etc. 2017.
300 ## - PHYSICAL DESCRIPTION
Extent xix, 1365 pages :
Other physical details color illustrations ;
Dimensions 29 cm.
336 ## - CONTENT TYPE
Content type term text
Content type code txt
Source rdacontent
337 ## - MEDIA TYPE
Media type term unmediated
Source rdamedia
338 ## - CARRIER TYPE
Carrier type term volume
Source rdacarrier
504 ## - BIBLIOGRAPHY, ETC. NOTE
Bibliography, etc. note Includes bibliographical references.
650 #1 - SUBJECT ADDED ENTRY--TOPICAL TERM
Topical term or geographic name entry element Nursing.
650 ## - SUBJECT ADDED ENTRY--TOPICAL TERM
Topical term or geographic name entry element Nursing
General subdivision Practice.
650 ## - SUBJECT ADDED ENTRY--TOPICAL TERM
Topical term or geographic name entry element Nursing care.
650 ## - SUBJECT ADDED ENTRY--TOPICAL TERM
Topical term or geographic name entry element Nurse - Patient Relations.
650 ## - SUBJECT ADDED ENTRY--TOPICAL TERM
Topical term or geographic name entry element Nursing process.
700 ## - ADDED ENTRY--PERSONAL NAME
Personal name Potter, Patricia A
Relator term editor.
700 ## - ADDED ENTRY--PERSONAL NAME
Personal name Perry, Anne Griffin
Relator term editor.
700 ## - ADDED ENTRY--PERSONAL NAME
Personal name Stockert, Patricia A
Relator term editor.
700 ## - ADDED ENTRY--PERSONAL NAME
Personal name Hall, Amy M
Relator term editor.
907 ## - LOCAL DATA ELEMENT G, LDG (RLIN)
a .b1040014x
b 20-12-22
c 26-03-21
942 ## - ADDED ENTRY ELEMENTS (KOHA)
Koha item type Ordinary Loan Books
Call number prefix RT41
Call number suffix FUN
Source of classification or shelving scheme
Holdings
Withdrawn status Lost status Source of classification or shelving scheme Damaged status Not for loan Collection Home library Current library Shelving location Date acquired Source of acquisition Cost, normal purchase price Total Checkouts Full call number Barcode Date last seen Cost, replacement price Price effective from Koha item type Public note Accession number
    LCC     NFIC MAIN MAIN GEN 09/02/2024 Book Aid International 80.00   RT41 POT 92004053122 09/02/2024 80.00 09/02/2024 BOOKS Donation 59773
    LCC     NFIC MEDICAL MEDICAL GEN 01/20/2023 Book Aid International 80.00   RT41 POT 92004047324 01/20/2023 80.00 01/20/2023 BOOKS Donation  
    LCC     NFIC MEDICAL MEDICAL GEN 01/20/2023 Book Aid International 80.00   RT41 POT 92004050505 01/20/2023 80.00 01/20/2023 BOOKS Donation  
    LCC     NFIC MEDICAL MEDICAL GEN 01/20/2023 Book Aid International 80.00   RT41 POT 92004050956 01/20/2023 80.00 01/20/2023 BOOKS Donation  
    LCC     NFIC MEDICAL MEDICAL GEN 01/20/2023 Book Aid International 80.00   RT41 POT 92004051956 01/20/2023 80.00 01/20/2023 BOOKS Donation  
    LCC     NFIC MEDICAL MEDICAL GEN 01/20/2023 Book Aid International 80.00   RT41 POT 92004052670 01/20/2023 80.00 01/20/2023 BOOKS Donation  
    LCC     NFIC MEDICAL MEDICAL GEN 01/20/2023 Book Aid International 80.00   RT41 POT 92004052435 01/20/2023 80.00 01/20/2023 BOOKS Donation  
    LCC     NFIC Medical Medical GEN 01/20/2023 Book Aid International 80.00   RT41 POT 92004051392 01/20/2023 80.00 01/20/2023 BOOKS Donation  
    LCC     NFIC Medical Medical GEN 01/20/2023 Book Aid International 80.00   RT41 POT 92004052258 01/20/2023 80.00 01/20/2023 BOOKS Donation